Biotechnology : A testbook of industrial microbiology

保存先:
書誌詳細
第一著者: Crueger, Wulf
フォーマット: 図書
言語:Undetermined
出版事項: Sunderland Sinauer associates 1982
主題:
タグ: タグ追加
タグなし, このレコードへの初めてのタグを付けませんか!
Thư viện lưu trữ: Trung tâm Học liệu Trường Đại học Cần Thơ
LEADER 00531nam a2200181Ia 4500
001 CTU_78607
008 210402s9999 xx 000 0 und d
082 |a 660.62 
082 |b C955 
100 |a Crueger, Wulf 
245 0 |a Biotechnology : 
245 2 |b A testbook of industrial microbiology 
245 0 |c Wulf Crueger, Annelies Crueger, Thomas D. Brock 
260 |a Sunderland 
260 |b Sinauer associates 
260 |c 1982 
650 |a Industrial microbiology 
980 |a Trung tâm Học liệu Trường Đại học Cần Thơ